Statistiken für Sieger des Eurovision Song Contest

Klicken Sie hier um das Quiz zu spielen!

Allgemein

  • Dieses Quiz wurde 912 mal gespielt
    (618 seit der letzten Aktualisierung)
  • Das Durchschnittsergebnis liegt bei 61 aus 68

Antwortstatistiken

JahrSieger% Korrekt
2010Deutschland
99%
1982BR Deutschland
98%
2021Italien
98%
1964Italien
98%
1990Italien
98%
1974Schweden
98%
1991Schweden
98%
1999Schweden
98%
1984Schweden
98%
2012Schweden
98%
2015Schweden
98%
2009Norwegen
96%
1995Norwegen
96%
1985Norwegen
96%
1966Österreich
96%
2014Österreich
96%
2004Ukraine
95%
2016Ukraine
95%
2006Finnland
94%
1969Niederlande
94%
1959Niederlande
94%
1957Niederlande
94%
2019Niederlande
94%
1975Niederlande
94%
1988Schweiz
94%
1956Schweiz
94%
2000Dänemark
93%
2013Dänemark
93%
1963Dänemark
93%
1958Frankreich
93%
1960Frankreich
93%
1977Frankreich
93%
1962Frankreich
93%
1969Frankreich
93%
2017Portugal
93%
2008Russland
93%
1968Spanien
93%
1969Spanien
93%
1996Irland
90%
1980Irland
90%
1987Irland
90%
1994Irland
90%
1993Irland
90%
1992Irland
90%
1970Irland
90%
1969Vereinigtes Königreich
90%
1997Vereinigtes Königreich
90%
1981Vereinigtes Königreich
90%
1976Vereinigtes Königreich
90%
1967Vereinigtes Königreich
90%
1986Belgien
85%
2005Griechenland
85%
2018Israel
84%
1978Israel
84%
1979Israel
84%
1998Israel
84%
1972Luxemburg
83%
1965Luxemburg
83%
1973Luxemburg
83%
1961Luxemburg
83%
1983Luxemburg
83%
2002Lettland
81%
2001Estland
80%
2007Serbien
80%
2003Türkei
80%
2011Aserbaidschan
79%
1989Jugoslawien
55%
1971Monaco
53%

Verteilung der Resultate

Perzentil nach korrekt beantworteten Fragen

Anzahl Personen mit jedem Resultat

Ihre Resultats-Entwicklung

Sie haben dieses Quiz seit der letzten Aktualisierung nicht gespielt